Atlas ilustrado do mundo (Registo nº 2752)

Detalhes MARC
000 -Etiqueta do registo
Cabeçalho 00749nam a22002651 4500
005 - Identificador da versão
Campo de controlo 20240813121944.0
010 ## - Número internacional normalizado dos livros (ISBN)
Número (ISBN) 9722604767
100 ## - Dados gerais de processamento
Dados gerais de processamento 20010718d2000 da y0pory500305 ba
102 ## - Pais de publicação ou produção
País de publicação Portugal
101 1# - Língua de publicação
Língua do texto, banda sonora, etc. Português
Língua do documento no original Inglês
106 ## - Campo de dados codificados: material textual
Dados codificados do material textual r
215 ## - Descrição física 
Indicação específica da natureza do documento e extensão da espécie 79 p.
Outras indicações físicas muito il.
Dimensões 36 cm
200 1# - Titulo e menção de responsabilidade
Título próprio Atlas ilustrado do mundo
Primeira menção de responsabilidade Richard Kemp
Outras menções de responsabilidade il. Brian Delf
-- trad. Maria Alice Moura Bessa
205 ## - Menção da edição
Menção da edição 8ª reimp.
210 ## - Publicação, Distribuição, etc. 
Lugar da edição, distribuição, etc. Porto
Nome do editor, distribuidor, etc. Civilização
Data da publicação, distribuição, etc. 2000
606 ## - Nome comum usado como assunto
Número de registo de entrada de autoridade 0001467
Palavra de ordem Geografia
Subdivisão de assunto Atlas
675 ## - Classificação Decimal Universal (CDU)
Notação 91
Edição
Língua da edição por
702 #1 - Nome de autor-pessoa física (responsabilidade secundária)
Número de registo de entrada de autoridade 0001707
Palavra de ordem Delf
Outra parte do nome não tomada para palavra de ordem Brian
Código de função Ilustrador / Técnico de desenho computorizado
Número de registo de entrada de autoridade 0000088
Palavra de ordem Bessa
Outra parte do nome não tomada para palavra de ordem Maria Alice Moura
Código de função Tradutor
700 #1 - Nome de autor-pessoa física (responsabilidade principal)
Número de registo de entrada de autoridade 0001706
Palavra de ordem Kemp
Outra parte do nome não tomada para palavra de ordem Richard
942 ## - Elementos de entrada adicionados (Koha)
Tipo de item no Koha Livro
Exemplares
Situação do levantamento Origin of item (home branch) (coded) Biblioteca de empréstimo Código de barras Cota Circulation type (not for loan) Tipo de documento Nota do exemplar Damaged status
  Biblioteca Escolar da Coca Maravilhas Biblioteca Escolar da Coca Maravilhas BECM5117/01 9GEO KEM   Livro Sem mensagem